Statistics for Richmond Roster 2017

Click here to take the quiz!

General Stats

  • This quiz has been taken 42 times
  • The average score is 21 of 40

Answer Stats

2017 NO. Answer % Correct
20179Trent Cotchin
100%
20174Dustin Martin
100%
201717Daniel Rioli
90%
20176Shaun Grigg
90%
201710Shane Edwards
90%
201714Bachar Houli
85%
201725Toby Nankervis
85%
20175Brandon Ellis
85%
20178Jack Riewoldt
85%
20172Dylan Grimes
80%
201718Alex Rance
80%
201732Corey Ellis
80%
20173Dion Prestia
70%
201712David Astbury
70%
201734Jack Graham
55%
201721Jacob Townsend
55%
201722Josh Caddy
55%
20177Ben Lennon
55%
201715Jayden Short
55%
201740Dan Butler
50%
201726Anthony Miles
50%
201729Shai Bolton
45%
201716Shaun Hampson
45%
201731Oleg Markov
40%
201730Reece Conca
40%
201724Ben Griffiths
40%
201738Steven Morris
40%
201723Kane Lambert
40%
201735Nathan Broad
35%
201737Connor Menadue
35%
20171Nick Vlastuin
35%
201727Sam Lloyd
35%
201720Ivan Maric
35%
201711Jake Batchelor
30%
201746Jason Castanga
25%
201728Taylor Hunt
20%
201742Ryan Garthwaite
15%
201733Kamdyn McIntosh
10%
201739Nathan Drummond
10%
201743Todd Elton
5%

Score Distribution

Percentile by Number Answered

Percent of People with Each Score

Your Score History

You have not taken this quiz